Science and the quest for meaning / (Record no. 8508)

MARC details
000 -LEADER
fixed length control field 00927nam a22002297a 4500
003 - CONTROL NUMBER IDENTIFIER
control field GBCCL
005 - DATE AND TIME OF LATEST TRANSACTION
control field 20241126110652.0
008 - FIXED-LENGTH DATA ELEMENTS--GENERAL INFORMATION
fixed length control field 210310b ||||| |||| 00| 0 eng d
020 ## - INTERNATIONAL STANDARD BOOK NUMBER
International Standard Book Number 9781602582101 (hardcover : alk. paper)
020 ## - INTERNATIONAL STANDARD BOOK NUMBER
International Standard Book Number 1602582106 (hardcover : alk. paper)
040 ## - CATALOGING SOURCE
Transcribing agency GBC
082 ## - DEWEY DECIMAL CLASSIFICATION NUMBER
Classification number 501
Item number TAU
100 ## - MAIN ENTRY--PERSONAL NAME
Personal name Tauber, Alfred I.
9 (RLIN) 14958
245 ## - TITLE STATEMENT
Title Science and the quest for meaning /
Statement of responsibility, etc. Alfred I. Tauber.
260 ## - PUBLICATION, DISTRIBUTION, ETC.
Place of publication, distribution, etc. Waco, Tex. :
Name of publisher, distributor, etc. Baylor University Press,
Date of publication, distribution, etc. c2009.
300 ## - PHYSICAL DESCRIPTION
Extent xi, 255 p. ;
Other physical details 24 cm.
505 ## - FORMATTED CONTENTS NOTE
Formatted contents note Introduction: Concerning Scientific Reason1. What is Science?2. Nineteenth-century Positivism3. The Fall of Positivism4. The Science Wars5. Science in its Socio-Political ContextsConclusion: The Challenge of Coherence
650 ## - SUBJECT ADDED ENTRY--TOPICAL TERM
Topical term or geographic name entry element Science
Form subdivision Philosophy.
9 (RLIN) 14959
650 ## - SUBJECT ADDED ENTRY--TOPICAL TERM
Topical term or geographic name entry element Science and the humanities.
9 (RLIN) 14960
650 ## - SUBJECT ADDED ENTRY--TOPICAL TERM
Topical term or geographic name entry element Philosophy, Modern
Form subdivision 20th century.
9 (RLIN) 14961
942 ## - ADDED ENTRY ELEMENTS (KOHA)
Source of classification or shelving scheme Dewey Decimal Classification
Koha item type Books
Holdings
Withdrawn status Lost status Source of classification or shelving scheme Damaged status Not for loan Home library Current Library Shelving location Date acquired Total checkouts Full call number Barcode Date last seen Copy number Price effective from Koha item type
    Dewey Decimal Classification     GRACE BIBLE COLLEGE GRACE BIBLE COLLEGE General Studies 2021-03-10   501 TAU 020136 2025-05-01 c.1 2021-03-10 Books
© Grace Bible College Library 2025